LEADER 01163nam0 2200301 i 450 001 SUN0049927 005 20100623120000.0 010 $a88-420-4896-8 100 $a20060823d1996 |0itac50 ba 101 $aita 102 $aIT 105 $a|||| ||||| 200 1 $aˆIl ‰viaggio di Aristea$fLuciano Canfora 205 $aRoma$gBari : Laterza, 1996 210 $aXVI$d128 p. ; 21 cm 215 $aIn appendice: Il Prologus della Bibbia di san Paolo, dello stesso autore. 410 1$1001SUN0009852$12001 $aQuadrante$v83$1210 $aBari$cLaterza. 620 $dBari$3SUNL000009 620 $dRoma$3SUNL000360 676 $a027.009$v21 700 1$aCanfora$b, Luciano$3SUNV004599$038986 712 $aLaterza$3SUNV000002$4650 801 $aIT$bSOL$c20181109$gRICA 912 $aSUN0049927 950 $aUFFICIO DI BIBLIOTECA DEL DIPARTIMENTO DI LETTERE E BENI CULTURALI$d07 CONS Fa 340 $e07 DP 2481 995 $aUFFICIO DI BIBLIOTECA DEL DIPARTIMENTO DI LETTERE E BENI CULTURALI$bIT-CE0103$gDP$h2481$kCONS Fa 340$oc$qa 996 $aViaggio di Aristea$9612131 997 $aUNICAMPANIA LEADER 01623nam 22004093u 450 001 9910464575903321 005 20210114092326.0 010 $a88-17-35922-X 035 $a(CKB)3710000000094102 035 $a(EBL)3239064 035 $a(MiAaPQ)EBC3239064 035 $a(EXLCZ)993710000000094102 100 $a20151005d2009|||| u|| | 101 0 $aeng 135 $aur|n|---||||| 200 10$aIndustrial Process Control Systems$b[electronic resource] 205 $a2nd ed. 210 $aLilburn $cThe Fairmont Press, Inc.$d2009 215 $a1 online resource (459 p.) 300 $aDescription based upon print version of record. 311 $a88-17-35914-9 327 $a""Contents""; ""Preface""; ""Chapter 1 Process Control Systems Overview""; ""Chapter 2 Process Control""; ""Chapter 3 Pressure Systems""; ""Chapter 4 Thermal Systems""; ""Chapter 5 Level Determining Systems""; ""Chapter 6 Flow Process Systems""; ""Chapter 7 Analytical Process Systems""; ""Chapter 8 Microprocessor Systems""; ""Chapter 9 Automated Processes and Robotic Systems""; ""Appendix A""; ""Appendix B""; ""Index"" 606 $aComputer integrated manufacturing systems 606 $aProcess control 608 $aElectronic books. 615 4$aComputer integrated manufacturing systems. 615 4$aProcess control. 676 $a670.42/7 700 $aFardo$b Stephen W$0727361 701 $aPatrick$b Dale R$027422 801 0$bAU-PeEL 801 1$bAU-PeEL 801 2$bAU-PeEL 906 $aBOOK 912 $a9910464575903321 996 $aIndustrial process control systems$91421844 997 $aUNINA LEADER 00988nam a22002531i 4500 001 991000601099707536 005 20041007145507.0 008 041108s1951 it |||||||||||||||||ita 035 $ab13245016-39ule_inst 035 $aARCHE-117656$9ExL 040 $aDip.to Studi Storici$bita$cA.t.i. Arché s.c.r.l. Pandora Sicilia s.r.l. 082 04$a782.1 100 1 $aAllorto, Riccardo$0465631 245 14$aLa "musica ragionata" di Carlo Giovanni Testori /$cRiccardo Allorto 260 $aMilano :$bF.lli Bocca,$c1951 300 $a1 v. ;$c23 cm 500 $aEstr. da: Rivista musicale italiana, a. 53, fasc. 3 600 14$aTestori, Carlo Giovanni 907 $a.b13245016$b02-04-14$c12-11-04 912 $a991000601099707536 945 $aLE019 M 259 BIS$g1$i2019000072397$lle019$nC. 1$o-$pE0.00$q-$rl$s- $t0$u0$v0$w0$x0$y.i13934648$z12-11-04 996 $aMusica ragionata" di Carlo Giovanni Testori$91100694 997 $aUNISALENTO 998 $ale019$b12-11-04$cm$da $e-$fita$git $h4$i1